|
|
|
|
| LEADER |
00000nab a2200000uu 4500 |
| 001 |
vtls010878561 |
| 003 |
SK-MaSNL |
| 005 |
20260303163414.0 |
| 008 |
230303|2007 xo |||||||||||||||||eng| |
| 015 |
|
|
|a SNBRB
|
| 035 |
|
|
|a (urnnbn)urn:nbn:sk:snk:ar-005vav
|
| 035 |
|
|
|a (uuid)128986d5-b562-4d3b-ad74-3c56e6828049
|
| 035 |
|
|
|a urn:nbn:sk:snk-ab7mpz
|
| 040 |
|
|
|a SNKBUCL
|b slo
|c SNKBUCL
|e AACR2
|
| 041 |
0 |
|
|a eng
|
| 044 |
|
|
|a xo
|c SK
|
| 100 |
1 |
|
|a Juhász, G.
|4 aut
|9 814578
|
| 245 |
1 |
0 |
|a Theoretical Study of Solvent Effect on □-EDA Complexation II. Complex between TCNE and Two Benzene Molecules
|c G. Juhász, G. Košík, O. Kyseľ, P. Mach
|
| 700 |
1 |
|
|a Košík, G.
|4 aut
|9 1187872
|
| 700 |
1 |
|
|a Kyseľ, Ondrej,
|d 1937-
|4 aut
|9 223920
|
| 700 |
1 |
|
|a Mach, P.
|4 aut
|9 472814
|
| 773 |
0 |
|
|t Chemical papers
|g Roč. 61, č. 1 (2007), s. 66-72
|
| 958 |
|
|
|a OND
|
| 958 |
|
|
|a EUIPO
|
| 958 |
|
|
|a article8
|
| 999 |
|
|
|c 2059813
|d 2061743
|